Loading...
| Literature - European | 0 | 5 | 0 | 1 | 50 | 53 | 75.80 | 0 | 2 | 0.00 | 0.00 |
| Literature - World | 0 | 5 | 0 | 0 | 50 | 68 | 80.60 | 0 | 3 | 0.00 | 0.00 |
| Current Events | 0 | 3 | 0 | 0 | 30 | 40 | 52.33 | 1 | 3 | 0.00 | 0.00 |
| History - European | 0 | 4 | 2 | 0 | 30 | 22 | 51.25 | 0 | 3 | 0.00 | 0.00 |
| Science - Physics | 0 | 3 | 0 | 0 | 30 | 39 | 55.67 | 0 | 0 | 0.00 | 0.00 |
| Literature - British | 0 | 3 | 1 | 0 | 25 | 45 | 75.00 | 0 | 0 | 0.00 | 0.00 |
| History - Other | 0 | 3 | 2 | 0 | 20 | 14 | 30.00 | 1 | 3 | 0.00 | 0.00 |
| History - American | 0 | 2 | 0 | 0 | 20 | 13 | 29.00 | 1 | 1 | 0.00 | 0.00 |
| Mythology | 0 | 2 | 0 | 0 | 20 | 61 | 72.50 | 0 | 0 | 0.00 | 0.00 |
| Religion | 0 | 2 | 0 | 0 | 20 | 23 | 46.50 | 1 | 2 | 0.00 | 0.00 |
| Fine Arts - Other | 0 | 2 | 1 | 0 | 15 | 51 | 61.50 | 1 | 1 | 0.00 | 0.00 |
| Geography | 0 | 2 | 1 | 1 | 15 | 90 | 97.00 | 0 | 0 | 0.00 | 0.00 |
| Social Science | 0 | 2 | 1 | 0 | 15 | 43 | 48.00 | 0 | 2 | 0.00 | 0.00 |
| Science - Chemistry | 0 | 1 | 0 | 0 | 10 | 61 | 61.00 | 0 | 0 | 0.00 | 0.00 |
| Science - Other | 0 | 1 | 0 | 0 | 10 | 47 | 47.00 | 1 | 1 | 0.00 | 0.00 |
| History - World | 0 | 1 | 1 | 0 | 5 | 48 | 48.00 | 0 | 0 | 0.00 | 0.00 |
| Painting/Sculpture | 0 | 1 | 1 | 0 | 5 | 87 | 87.00 | 0 | 0 | 0.00 | 0.00 |
| Literature - American | 0 | 1 | 3 | 0 | -5 | 42 | 42.00 | 0 | 1 | 0.00 | 0.00 |
| Fine Arts - Classical Music | 0 | 0 | 1 | 0 | -5 | 0.00 | 0 | 0 | 0.00 | 0.00 | |
| Philosophy | 0 | 0 | 1 | 0 | -5 | 0.00 | 0 | 0 | 0.00 | 0.00 |